| 000 | 01177cam a2200325 a 4500 | ||
|---|---|---|---|
| 001 | vtls003224715 | ||
| 003 | MY-SjTCS | ||
| 005 | 20200226115018.0 | ||
| 008 | 111020s2011 njua 001 0 eng | ||
| 020 | _a9780470923276 (hbk.) | ||
| 020 | _a047092327X (hbk.) | ||
| 020 | _a9781118008614 (ebk.) | ||
| 020 | _a9781118008621 (ebk.) | ||
| 020 | _a9781118008638 (ebk.) | ||
| 039 | 9 |
_a201112301707 _bshuhada _c201112301704 _dshuhada _c201112291119 _dizani _y201110201436 _zmalathy |
|
| 082 | 0 | 4 |
_a658.406 _bBAE 2011 |
| 100 | 1 |
_aBaer, Jay, _d1969- _956776 |
|
| 245 | 1 | 4 |
_aThe now revolution : _b7 shifts to make your business faster, smarter, and more social / _cJay Baer & Amber Naslund. |
| 260 |
_aHoboken, N.J. : _bWiley, _cc2011. |
||
| 300 |
_axv, 202 p. : _bill. ; _c24 cm. |
||
| 500 | _aIncludes index. | ||
| 650 | 0 | _aOrganizational change. | |
| 650 | 0 | _aOrganizational effectiveness. | |
| 650 | 0 | _aCustomer relations. | |
| 650 | 0 |
_aOrganizational change _vCase studies. _915799 |
|
| 650 | 0 |
_aOrganizational effectiveness _vCase studies. _913503 |
|
| 650 | 0 |
_aCustomer relations _vCase studies. |
|
| 700 | 1 |
_aNaslund, Amber, _d1975- _956777 |
|
| 920 | _aMIF : 174194 | ||
| 999 | _c141794 | ||